000 01137nam a2200265Ia 4500
003 OSt
005 20221005105621.0
006 a|||||r|||| 00| 0
007 ta
008 221004b |||||||| |||| 00| 0 san d
020 _a9788193255971 (hbk)
_cINR 990.00
024 _a42416
037 _b374, 04/02/2019, Vidyanidhi Prakashan
_cTextual
040 _aCRL
_cCRL
_bsan
041 _2san
_asan
082 _aWx1,1, 15Q8
100 _aसिंह, रोहित कुमार, ले.
245 0 _aकौटिल्य अर्थशास्त्रीय वित्त - व्यवस्था
_b सिद्धान्त एवं व्यवहार
246 _aKauṭilya arthashāstrīya vitta - vyavasthā: siddhānta evan vyavahāra
260 _aनई दिल्ली
_bरीवा प्रकाशन भारत
_c2018
300 _a353पृ0
_ccm.
650 _aराजनीति विज्ञान
942 _hWx1,1, 15Q8
_cTEXL
_2cc
999 _c1016362
_d1016362